Els tres primers anys de vida : recursos socioeducatius recursos socioeducatius
Publicado:
Barcelona :
Diputació de Barcelona, Àrea de Benestar Social : MARINVA, Joc i Educació ,
2010
Descripción Física:
45 p. : il. ; 21 x 30 cm
Otros Autores:
Marinva, Joc i Educació (Firma)
Materias:
Infants nadons
MARC
| LEADER | 00000nam a2200000Ia 4500 | ||
|---|---|---|---|
| 001 | 24007 | ||
| 008 | 160829s2010 xx 000 0 cat d | ||
| 080 | |a FU-60-24 | ||
| 110 | 1 | |a Barcelona (Catalunya : Província). |b Àrea de Benestar Social |9 52988 | |
| 245 | |a Els tres primers anys de vida : |b recursos socioeducatius | ||
| 260 | |a Barcelona : |b Diputació de Barcelona, Àrea de Benestar Social : |b MARINVA, Joc i Educació, |c 2010 | ||
| 300 | |a 45 p. : |b il. ; |c 21 x 30 cm | ||
| 650 | |a Infants nadons |9 49724 | ||
| 700 | |a Marinva, Joc i Educació (Firma) |9 49725 | ||
| 710 | 1 | |a Barcelona (Catalunya : Província). |b Àrea de Benestar Social |9 52988 | |
| 901 | |a Arxiu | ||
| 942 | |n 1 | ||
| 952 | |0 0 |1 0 |4 0 |6 FU6024 |7 1 |9 55549 |a Arxiu |b Arxiu |d 2016-12-01 |l 0 |o FU-60-24 |p 24007 |r 2016-12-01 00:00:00 |w 2016-12-01 |y ARXIU | ||
| 999 | |c 59422 |d 59422 | ||